000
00215nam a22000857a 4500
008
170130b xxu||||| |||| 00| 0 eng d
100
_9
2670
_a
NCERT
245
_a
Ft Prints With out feet-X
260
_a
New Delhi
_b
NCERT
_c
2009
999
_c
5826
_d
5826